书目信息 |
| 题名: |
果蔬保鲜
|
|
| 作者: | 威尔士 , Will 著 ;聂勋丽 译 | |
| 分册: | ||
| 出版信息: | 北京 轻工业出版社 1987 |
|
| 页数: | 209页 | |
| 开本: | 19cm | |
| 丛书名: | ||
| 单 册: | ||
| 中图分类: | S660.9 | |
| 科图分类: | ||
| 主题词: | 水果-食品贮藏 , 食品贮藏-水果 , 蔬菜-食品贮藏 , 食品贮藏-蔬菜 , 水果-食品保鲜 , 食品保鲜-水果 , 蔬菜-食品保鲜 , 食品保鲜-蔬菜 | |
| 电子资源: | ||
| ISBN: | 15042.2056 | |
| 000 | 01043nam0 2200373 450 | |
| 001 | 0187010505 | |
| 005 | 20100712222050.0 | |
| 010 | @a15042.2056@dCNY1.50 | |
| 091 | @a15042.2056 | |
| 100 | @a19900808d1987 em y0chiy0110 ea | |
| 101 | 1 | @achi@ceng |
| 102 | @aCN@b110000 | |
| 105 | @af e 000yy | |
| 106 | @ar | |
| 200 | 1 | @a果蔬保鲜@9Guo Shu Bao Xian @f(澳)威尔士(Wills,R.H.H.)等著@g聂勋丽译 |
| 210 | @a北京@c轻工业出版社@d1987 | |
| 215 | @a209页@c图表@d19cm | |
| 300 | @a书名原文: Postharvest. | |
| 300 | @a根据美国AVI出版公司1981年版本译出 | |
| 510 | 1 | @aPostharvest@zeng |
| 606 | 0 | @a水果-食品贮藏 |
| 606 | 0 | @a食品贮藏-水果 |
| 606 | 0 | @a蔬菜-食品贮藏 |
| 606 | 0 | @a食品贮藏-蔬菜 |
| 606 | 0 | @a水果-食品保鲜 |
| 606 | 0 | @a食品保鲜-水果 |
| 606 | 0 | @a蔬菜-食品保鲜 |
| 606 | 0 | @a食品保鲜-蔬菜 |
| 690 | @aS660.9@v3 | |
| 701 | 1 | @a威尔士@9wei er shi@bR.H.H.@4著 |
| 701 | 1 | @aWill@bR.H.H.@4著 |
| 702 | 0 | @a聂勋丽@9nie xun li@4译 |
| 801 | 0 | @aCN@b91MARC@c20130904 |
| 905 | @aBZT@dS660.9@e13@f1@sS660.9/13 | |
| 果蔬保鲜/(澳)威尔士(Wills,R.H.H.)等著/聂勋丽译.-北京:轻工业出版社,1987 |
| 209页:图表;19cm |
| 书名原文: Postharvest.-根据美国AVI出版公司1981年版本译出 |
| ISBN 15042.2056:CNY1.50 |
| ● |
| 相关链接 |
|
|
|
正题名:果蔬保鲜
索取号:S660.9/13
 
预约/预借
| 序号 | 登录号 | 条形码 | 馆藏地/架位号 | 状态 | 备注 |
| 1 | 2000116274 | 2000116274 | 旧书回溯/ [索取号:S660.9/13] | 在馆 |